| 000 | 00586cam a22002053a 4500 | ||
|---|---|---|---|
| 001 | 41579 | ||
| 003 | PGUSA | ||
| 005 | 20140828083935.0 | ||
| 008 | 121207s2012||||xxu|||||s|||||000 | eng d | ||
| 040 |
_aPGUSA _beng |
||
| 042 | _adc | ||
| 100 | 1 |
_aHearn, Lafcadio, _d1850-1904 |
|
| 245 | 1 | 0 |
_aKimiko and Other Japanese Sketches _h[electronic resource] / _cLafcadio Hearn |
| 260 |
_bProject Gutenberg, _c2012 |
||
| 506 | _aPublic domain in the USA. | ||
| 516 | _aElectronic text | ||
| 830 | 0 |
_aProject Gutenberg _v41579 |
|
| 856 | 4 | 0 | _uhttp://www.gutenberg.org/ebooks/41579 |
| 942 | _cEB | ||
| 999 |
_c270831 _d270831 |
||